Avionics navigation systems (Record no. 1412)

MARC details
000 -LEADER
fixed length control field 00396nam a2200169Ia 4500
008 - FIXED-LENGTH DATA ELEMENTS--GENERAL INFORMATION
fixed length control field 130318s9999 xx 000 0 und d
020 ## - INTERNATIONAL STANDARD BOOK NUMBER
International Standard Book Number 471547956
082 ## - DEWEY DECIMAL CLASSIFICATION NUMBER
Classification number 629.13 KAY/A
100 ## - MAIN ENTRY--PERSONAL NAME
Personal name Kayton, Myron
245 ## - TITLE STATEMENT
Title Avionics navigation systems
250 ## - EDITION STATEMENT
Edition statement 2
260 ## - PUBLICATION, DISTRIBUTION, ETC.
Name of publisher, distributor, etc. Wiley
Place of publication, distribution, etc. New York
Date of publication, distribution, etc. 1997
300 ## - PHYSICAL DESCRIPTION
Extent 773
650 ## - SUBJECT ADDED ENTRY--TOPICAL TERM
Topical term or geographic name entry element AVIONICS
650 ## - SUBJECT ADDED ENTRY--TOPICAL TERM
Topical term or geographic name entry element NAVIGATION
700 ## - ADDED ENTRY--PERSONAL NAME
Personal name Fried, Walter R
Holdings
Withdrawn status Lost status Damaged status Not for loan Collection code Home library Current library Shelving location Date acquired Cost, normal purchase price Total Checkouts Full call number Barcode Date last seen Price effective from Koha item type
        Non Fiction Kerala University of Digital Sciences, Innovation and Technology Knowledge Centre Kerala University of Digital Sciences, Innovation and Technology Knowledge Centre Applied Electronics 18/03/2013 6041.00   629.13 KAY/A 1419 18/03/2013 18/03/2013 Books